000 00295nam a2200121Ia 4500
008 190216s9999||||xx |||||||||||||| ||und||
100 _aRustagi R P
245 0 _aInvestment Analysis And Portfolio Management
260 _bSulthan Chand&Sons
300 _a762
650 _aCommerce
942 _cBK
999 _c7376
_d7376